[Event "BL2-Ost 1617"]
[Site "Germany"]
[Date "2016.10.14"]
[Round "6.3"]
[White "Kuczynski, Robert"]
[Black "Arnaudov, Petar G"]
[Result "1-0"]
[WhiteElo "2490"]
[BlackElo "2474"]
[PlyCount "83"]
[EventDate "2016.10.14"]
[EventType "team-tourn"]
[EventRounds "10"]
[EventCountry "GER"]
[SourceTitle "CBM 177 Extra"]
[Source "ChessBase"]
[SourceDate "2017.04.27"]
[SourceVersion "1"]
[SourceVersionDate "2017.04.27"]
[SourceQuality "1"]
[WhiteTeam "Erfurt"]
[BlackTeam "Goeggingen"]
[WhiteTeamCountry "GER"]
[BlackTeamCountry "GER"]

1. e4 e5 2. Nf3 Nc6 3. Bc4 Bc5 4. c3 Nf6 5. d3 0-0 6. 0-0 d5 7. exd5 Nxd5 8. Re1 Bg4 9. h3 Bh5 10. Nbd2 Nb6 11. Bb5 Bd6 12. Ne4 f5 13. Ng3 Bxf3 14. Qxf3 Qd7 15. a4 a6 16. Bxc6 bxc6 17. a5 Nd5 18. Ra4 Rae8 19. Nf1 e4 20. dxe4 fxe4 21. Qe2 Qf7 22. Be3 Re6 23. Rd4 Qf5 24. Rd2 Nxe3 25. Nxe3 Qxa5 26. Qc4 Rfe8 27. Nf1 Qb5 28. Rxe4 Qxc4 29. Rxc4 Re1 30. g3 Rb1 31. Kg2 c5 32. Ra4 Rb8 33. Ra2 h5 34. h4 Be7 35. Ne3 Kf7 36. Nc4 Ra8 37. Rd7 Rc1 38. Rxc7 Rc2 39. Ne3 Rd2 40. Nf5 Rf8 41. Rxe7+ Kf6 42. Re3 1-0

[Event "BL2-Ost 1314"]
[Site "Germany"]
[Date "2013.11.10"]
[Round "3.2"]
[White "Maiwald, Jens Uwe"]
[Black "Kuczynski, Robert"]
[Result "1/2-1/2"]
[WhiteElo "2461"]
[BlackElo "2487"]
[PlyCount "82"]
[EventDate "2013.10.12"]
[EventType "team-tourn"]
[EventRounds "10"]
[EventCountry "GER"]
[SourceTitle "EXT 2015"]
[Source "ChessBase"]
[SourceDate "2014.11.20"]
[SourceVersion "1"]
[SourceVersionDate "2014.11.20"]
[SourceQuality "1"]
[WhiteTeam "Dresden USV"]
[BlackTeam "Erfurt"]
[WhiteTeamCountry "GER"]
[BlackTeamCountry "GER"]

1. Nf3 d5 2. g3 c6 3. Bg2 Bg4 4. 0-0 Nd7 5. d3 Ngf6 6. c4 e6 7. cxd5 exd5 8. Nc3 Be7 9. Qc2 Bxf3 10. Bxf3 d4 11. Ne4 Nxe4 12. Bxe4 0-0 13. Bd2 a5 14. Rfb1 Re8 15. b4 axb4 16. Bxb4 Nf6 17. Bf3 Nd5 18. Be1 Ra7 19. a4 Qd7 20. Qc4 Nc7 21. Rb6 Rea8 22. a5 Bd8 23. Rab1 Na6 24. Kg2 Rc8 25. R6b2 Be7 26. h3 Rd8 27. Rb6 Qc8 28. Bd2 Nc7 29. Rc1 Qa8 30. Qb3 Na6 31. Qc4 Nc7 32. Qb3 Na6 33. Rb1 Nc5 34. Qc4 Na6 35. Bf4 Bf6 36. g4 h6 37. R6b3 Qc8 38. Be4 Be7 39. Bf5 Qa8 40. Be4 Nc5 41. R3b2 Rxa5 1/2-1/2

[Event "POL-chT"]
[Site "Wroclaw"]
[Date "2011.10.09"]
[Round "9"]
[White "Kuczynski, Robert"]
[Black "Dragun, Kamil"]
[Result "1/2-1/2"]
[WhiteElo "2498"]
[BlackElo "2420"]
[PlyCount "54"]
[EventDate "2011.05.06"]
[EventType "team-tourn"]
[EventRounds "9"]
[EventCountry "POL"]
[SourceTitle "EXT 2012"]
[Source "ChessBase"]
[SourceDate "2011.11.24"]
[SourceVersion "1"]
[SourceVersionDate "2011.11.24"]
[SourceQuality "1"]
[WhiteTeam "Dankowice Pasjonat"]
[BlackTeam "Gorzow Wielkopolski Stilon"]
[WhiteTeamCountry "POL"]
[BlackTeamCountry "POL"]

1. e4 c5 2. Nf3 d6 3. d4 cxd4 4. Nxd4 Nf6 5. Nc3 a6 6. Be2 e5 7. Nb3 Be7 8. 0-0 0-0 9. Be3 Be6 10. f4 exf4 11. Bxf4 Nc6 12. Kh1 d5 13. e5 Ne4 14. Bd3 Nxc3 15. bxc3 g6 16. Nd4 Nxd4 17. cxd4 f5 18. exf6 Rxf6 19. Qd2 Qd7 20. Be5 Rxf1+ 21. Rxf1 Rf8 22. Rxf8+ Bxf8 23. Qg5 Be7 24. Qh6 Bf8 25. Qg5 Be7 26. Qh6 Bf8 27. Qg5 Be7 1/2-1/2

[Event "POL-chT"]
[Site "Wroclaw"]
[Date "2011.10.07"]
[Round "7.1"]
[White "Kuczynski, Robert"]
[Black "Kalinowski, Roman"]
[Result "1-0"]
[WhiteElo "2498"]
[BlackElo "2166"]
[PlyCount "139"]
[EventDate "2011.05.06"]
[EventType "team-tourn"]
[EventRounds "9"]
[EventCountry "POL"]
[SourceTitle "EXT 2012"]
[Source "ChessBase"]
[SourceDate "2011.11.24"]
[SourceVersion "1"]
[SourceVersionDate "2011.11.24"]
[SourceQuality "1"]
[WhiteTeam "Dankowice Pasjonat"]
[BlackTeam "Pultusk Nadnarwianka"]
[WhiteTeamCountry "POL"]
[BlackTeamCountry "POL"]

1. e4 e6 2. d4 d5 3. Nc3 dxe4 4. Nxe4 Bd7 5. Nf3 Bc6 6. Ng3 Bxf3 7. Qxf3 c6 8. c3 Nd7 9. Ne4 Ngf6 10. g3 Nxe4 11. Qxe4 Nf6 12. Qf3 Qd5 13. Bg2 Bd6 14. 0-0 Qxf3 15. Bxf3 0-0-0 16. Be3 Kb8 17. Rad1 e5 18. dxe5 Bxe5 19. Rfe1 Bc7 20. Kg2 Rxd1 21. Bxd1 Rd8 22. Bb3 Rd7 23. Kf3 Bb6 24. Bf4+ Kc8 25. Re2 Kd8 26. Bc2 h6 27. Bf5 Rd5 28. g4 Bc5 29. h3 Bd6 30. Be3 b6 31. Bc2 Re5 32. c4 Kc7 33. Rd2 Re7 34. Bf5 Nd7 35. Bxd7 Rxd7 36. Bd4 f6 37. Re2 Bb4 38. Re4 Bd6 39. Re6 Rd8 40. h4 Kd7 41. Re2 Re8 42. Rd2 Kc7 43. h5 Re1 44. Be3 Rg1 45. b3 Be5 46. Re2 Kd7 47. Bd2 Rb1 48. Bb4 c5 49. Be1 Kc6 50. Ke4 Rd1 51. Kf5 Rd4 52. Bd2 a6 53. Be3 Rd7 54. Kg6 b5 55. Rd2 Bd4 56. a3 bxc4 57. bxc4 Kb6 58. Kf5 Kc6 59. Kg6 Kb6 60. Rd3 Ka5 61. Kf5 Ka4 62. Bxd4 a5 63. Ke4 cxd4 64. Rxd4 Re7+ 65. Kd5 Kxa3 66. c5 Rd7+ 67. Kc4 Rc7 68. Kb5 Kb3 69. c6 a4 70. Rb4+ 1-0

[Event "Apolda"]
[Site "Apolda"]
[Date "2011.08.26"]
[Round "1"]
[White "Kuczynski, Robert"]
[Black "Feuerstack, Aljoscha"]
[Result "1/2-1/2"]
[WhiteElo "2498"]
[BlackElo "2421"]
[PlyCount "107"]
[EventDate "2011.08.25"]
[EventType "k.o."]
[EventRounds "3"]
[EventCountry "GER"]
[SourceTitle "EXT 2012"]
[Source "ChessBase"]
[SourceDate "2011.11.24"]
[SourceVersion "1"]
[SourceVersionDate "2011.11.24"]
[SourceQuality "1"]

1. e4 c6 2. d4 d5 3. Nd2 dxe4 4. Nxe4 Bf5 5. Ng3 Bg6 6. N1e2 Nf6 7. Nf4 e5 8. Nxg6 hxg6 9. dxe5 Qa5+ 10. c3 Qxe5+ 11. Qe2 Nbd7 12. Bf4 Qxe2+ 13. Bxe2 Nd5 14. Bg5 Be7 15. Bxe7 Kxe7 16. Bf3 Nf4 17. 0-0-0 Ne5 18. Rhe1 f6 19. Nf1 Rad8 20. Rxd8 Kxd8 21. Kc2 Nxf3 22. gxf3 Rh3 23. Re3 Kd7 24. Kd2 Rh5 25. c4 Rc5 26. Re4 Ne6 27. b3 Ra5 28. a4 Rf5 29. Ke3 Nc5 30. Rg4 g5 31. b4 Nxa4 32. h4 c5 33. b5 Nb2 34. Ng3 Rf4 35. Rxf4 gxf4+ 36. Kxf4 Nxc4 37. Nh5 a5 38. bxa6 bxa6 39. Nxg7 a5 40. h5 a4 41. h6 a3 42. h7 Ne5 43. Kf5 Nf7 44. Ne6 Kd6 45. Nxc5 Kxc5 46. Kg6 Nh8+ 47. Kg7 a2 48. Kxh8 a1Q 49. Kg8 Qa8+ 50. Kg7 Qb7+ 51. Kg6 Qc8 52. Kg7 Qd7+ 53. Kg6 Qe8+ 54. Kg7 1/2-1/2

[Event "POL-chT 66th"]
[Site "Katowice"]
[Date "2010.09.07"]
[Round "4"]
[White "Kuczynski, Robert"]
[Black "Pakleza, Zbigniew"]
[Result "1/2-1/2"]
[WhiteElo "2511"]
[BlackElo "2509"]
[PlyCount "54"]
[EventDate "2010.09.04"]
[EventType "team-tourn"]
[EventRounds "9"]
[EventCountry "POL"]
[SourceTitle "EXT 2016"]
[Source "ChessBase"]
[SourceDate "2015.10.08"]
[SourceVersion "1"]
[SourceVersionDate "2015.10.08"]
[SourceQuality "1"]
[WhiteTeam "Wroclaw AZS WSB"]
[BlackTeam "Lublin"]
[WhiteTeamCountry "POL"]
[BlackTeamCountry "POL"]

1. e4 d6 2. d4 Nf6 3. Nc3 c6 4. g3 b5 5. Bg2 b4 6. Nb1 e5 7. dxe5 dxe5 8. Qxd8+ Kxd8 9. Nf3 Nbd7 10. 0-0 Bc5 11. a3 bxa3 12. Nxa3 Ba6 13. Rd1 Kc7 14. Nb1 Be2 15. Re1 Bxf3 16. Bxf3 h5 17. Be3 Rhb8 18. b3 Bxe3 19. Rxe3 h4 20. Nd2 hxg3 21. hxg3 a5 22. Rc3 Rb4 23. Rc4 Nb6 24. Rc5 Rb5 25. Rc3 Rb4 26. Rc5 Rb5 27. Rc3 Rb4 1/2-1/2

[Event "POL-chT 66th"]
[Site "Katowice"]
[Date "2010.09.05"]
[Round "2"]
[White "Tazbir, Marcin"]
[Black "Kuczynski, Robert"]
[Result "1-0"]
[WhiteElo "2523"]
[BlackElo "2511"]
[PlyCount "79"]
[EventDate "2010.09.04"]
[EventType "team-tourn"]
[EventRounds "9"]
[EventCountry "POL"]
[SourceTitle "EXT 2016"]
[Source "ChessBase"]
[SourceDate "2015.10.08"]
[SourceVersion "1"]
[SourceVersionDate "2015.10.08"]
[SourceQuality "1"]
[WhiteTeam "Wroclaw"]
[BlackTeam "Wroclaw AZS WSB"]
[WhiteTeamCountry "POL"]
[BlackTeamCountry "POL"]

1. e4 c5 2. Nf3 d6 3. d4 cxd4 4. Nxd4 Nf6 5. Nc3 a6 6. Be3 e5 7. Nf3 Be7 8. a4 0-0 9. Be2 Be6 10. 0-0 Nc6 11. Ng5 Bd7 12. Qd2 h6 13. Nf3 Be6 14. Rfd1 Rc8 15. Ne1 Re8 16. Bf3 Bf8 17. b3 Ne7 18. Qd3 g6 19. a5 Qc7 20. Na4 d5 21. Bb6 Qc6 22. Nc5 d4 23. c3 Nd7 24. Nxd7 Qxd7 25. cxd4 exd4 26. Qxd4 Qxd4 27. Bxd4 Nc6 28. Bf6 Bb4 29. Nd3 Bxa5 30. Nc5 Rc7 31. e5 Bb6 32. Nxe6 Rxe6 33. Rd5 Re8 34. Rad1 h5 35. h4 Rcc8 36. g4 Nb4 37. Rd7 Rc2 38. Rxb7 Bxf2+ 39. Kh1 a5 40. e6 1-0

[Event "POL-chT 66th"]
[Site "Katowice"]
[Date "2010.09.04"]
[Round "1"]
[White "Kuczynski, Robert"]
[Black "Swiercz, Dariusz"]
[Result "1/2-1/2"]
[WhiteElo "2511"]
[BlackElo "2507"]
[PlyCount "60"]
[EventDate "2010.09.04"]
[EventType "team-tourn"]
[EventRounds "9"]
[EventCountry "POL"]
[SourceTitle "EXT 2016"]
[Source "ChessBase"]
[SourceDate "2015.10.08"]
[SourceVersion "1"]
[SourceVersionDate "2015.10.08"]
[SourceQuality "1"]
[WhiteTeam "Wroclaw AZS WSB"]
[BlackTeam "Wroclaw Polonia"]
[WhiteTeamCountry "POL"]
[BlackTeamCountry "POL"]

1. e4 e6 2. d4 d5 3. Nc3 Nf6 4. e5 Nfd7 5. f4 c5 6. Nf3 Nc6 7. Be3 Be7 8. Qd2 0-0 9. Be2 a6 10. 0-0 b5 11. a3 Qb6 12. Nd1 Bb7 13. c3 Na5 14. dxc5 Bxc5 15. b4 Bxe3+ 16. Qxe3 Nc4 17. Bxc4 Qxe3+ 18. Nxe3 dxc4 19. a4 Bxf3 20. Rxf3 f6 21. exf6 Nxf6 22. axb5 axb5 23. Rxa8 Rxa8 24. Nc2 Ne4 25. Re3 Ra2 26. Rxe4 Rxc2 27. Rxe6 Rxc3 28. Re5 Rb3 29. Rxb5 c3 30. Rc5 Rxb4 1/2-1/2

[Event "POL-chT 1st League"]
[Site "Ustron"]
[Date "2009.09.12"]
[Round "1"]
[White "Kuczynski, Robert"]
[Black "Czyz, Artur"]
[Result "1-0"]
[WhiteElo "2505"]
[BlackElo "2072"]
[PlyCount "74"]
[EventDate "2009.09.12"]
[EventType "team-swiss"]
[EventRounds "9"]
[EventCountry "POL"]
[SourceTitle "CBM 132 Extra"]
[Source "ChessBase"]
[SourceDate "2009.11.03"]
[SourceVersion "1"]
[SourceVersionDate "2009.11.03"]
[SourceQuality "1"]
[WhiteTeam "Wroclaw AZS WSB"]
[BlackTeam "Wroclaw AZS Politechnika"]
[WhiteTeamCountry "POL"]
[BlackTeamCountry "POL"]

1. e4 d6 2. d4 Nf6 3. Nc3 e5 4. Nf3 Nbd7 5. Bc4 Be7 6. 0-0 c6 7. a4 0-0 8. Re1 b6 9. Bb3 Bb7 10. Qe2 Qc7 11. Be3 a6 12. Nh4 g6 13. dxe5 Nxe5 14. Bh6 Rfe8 15. Nf3 Bf8 16. Nxe5 dxe5 17. Bxf8 Rxf8 18. Qf3 Kg7 19. Rad1 Rad8 20. Qe2 Rxd1 21. Rxd1 Rd8 22. f3 Rxd1+ 23. Nxd1 Qd7 24. Qc4 Ne8 25. c3 Nc7 26. g3 a5 27. Qe2 Ba6 28. Qe3 Qd3 29. Qxd3 Bxd3 30. Ne3 Ba6 31. Kf2 Kf8 32. Ng4 Bc8 33. Nxe5 Be6 34. Bxe6 Nxe6 35. Nd7+ Ke7 36. Nxb6 Nc5 37. Ke3 Kf8 1-0

[Event "POL-chT 1st League"]
[Site "Ustron"]
[Date "2008.09.07"]
[Round "2"]
[White "Urban, Klaudiusz"]
[Black "Kuczynski, Robert"]
[Result "1/2-1/2"]
[WhiteElo "2469"]
[BlackElo "2497"]
[PlyCount "42"]
[EventDate "2008.09.06"]
[EventType "team-tourn"]
[EventRounds "9"]
[EventCountry "POL"]
[SourceTitle "CBM 126 Extra"]
[Source "ChessBase"]
[SourceDate "2008.11.05"]
[SourceVersion "1"]
[SourceVersionDate "2008.11.05"]
[SourceQuality "1"]
[WhiteTeam "Poznan Pocztowiec"]
[BlackTeam "Wroclaw AZS WSB"]
[WhiteTeamCountry "POL"]
[BlackTeamCountry "POL"]

1. Nf3 d5 2. c4 c6 3. e3 Nf6 4. Nc3 e6 5. Be2 Nbd7 6. 0-0 Bd6 7. d4 0-0 8. Qc2 Re8 9. Rd1 Qe7 10. h3 a6 11. a3 dxc4 12. Bxc4 b5 13. Ba2 c5 14. dxc5 Bxc5 15. b4 Bb6 16. Ne4 Nxe4 17. Qxe4 Rb8 18. Bb2 Bb7 19. Qg4 Nf6 20. Qh4 Rbd8 21. Bd4 Bxf3 1/2-1/2

[Event "POL-chT 1st League"]
[Site "Ustron"]
[Date "2008.09.06"]
[Round "1"]
[White "Kuczynski, Robert"]
[Black "Orzechowski, Jacek"]
[Result "1-0"]
[WhiteElo "2497"]
[BlackElo "2227"]
[PlyCount "107"]
[EventDate "2008.09.06"]
[EventType "team-tourn"]
[EventRounds "9"]
[EventCountry "POL"]
[SourceTitle "CBM 126 Extra"]
[Source "ChessBase"]
[SourceDate "2008.11.05"]
[SourceVersion "1"]
[SourceVersionDate "2008.11.05"]
[SourceQuality "1"]
[WhiteTeam "Wroclaw AZS WSB"]
[BlackTeam "Raciborz KSz Silesia U19"]
[WhiteTeamCountry "POL"]
[BlackTeamCountry "POL"]

1. e4 Nc6 2. Nf3 d6 3. d4 Nf6 4. Nc3 g6 5. Be2 Bg7 6. 0-0 0-0 7. Re1 e5 8. dxe5 Nxe5 9. Nd4 Re8 10. f4 Nc6 11. Nxc6 bxc6 12. Bf3 Bb7 13. Be3 Nd7 14. Bd4 Bh6 15. g3 c5 16. Bf2 Rb8 17. Qd3 Qc8 18. b3 Ba6 19. Qd1 Bb7 20. Nd5 Bg7 21. Rb1 Nb6 22. Qd3 Nxd5 23. exd5 Rxe1+ 24. Rxe1 Qd7 25. Qe2 Kf8 26. Qd2 Re8 27. Rxe8+ Kxe8 28. b4 c4 29. Qe2+ Kd8 30. Qxc4 Qa4 31. Qb3 Qxb3 32. axb3 a6 33. Kf1 Kd7 34. Ke2 h5 35. Kd3 Bf8 36. c4 Be7 37. f5 c6 38. fxg6 fxg6 39. dxc6+ Bxc6 40. Be4 Bxe4+ 41. Kxe4 Ke6 42. Ba7 Bf6 43. Bb8 Be5 44. Ba7 Bf6 45. Be3 Bg7 46. Bg5 Bc3 47. b5 axb5 48. cxb5 d5+ 49. Kd3 Ba5 50. Bf4 Bd8 51. b4 Bb6 52. Be3 Bd8 53. b6 Kd7 54. b7 1-0

[Event "Bundesliga 0708"]
[Site "Germany"]
[Date "2008.04.05"]
[Round "12.4"]
[White "Balogh, Csaba"]
[Black "Kuczynski, Robert"]
[Result "1-0"]
[WhiteElo "2561"]
[BlackElo "2483"]
[PlyCount "149"]
[EventDate "2007.10.20"]
[EventType "team-tourn"]
[EventRounds "15"]
[EventCountry "GER"]
[SourceTitle "CBM 124"]
[Source "ChessBase"]
[SourceDate "2008.05.28"]
[SourceVersion "1"]
[SourceVersionDate "2008.05.28"]
[SourceQuality "1"]
[WhiteTeam "Eppingen"]
[BlackTeam "Erfurt"]
[WhiteTeamCountry "GER"]
[BlackTeamCountry "GER"]

1. e4 c5 2. Nf3 d6 3. d4 cxd4 4. Nxd4 Nf6 5. Nc3 a6 6. Be3 e5 7. Nf3 Qc7 8. a4 Be7 9. a5 0-0 10. Be2 Nc6 11. Bb6 Qd7 12. Nd2 d5 13. Nxd5 Nxd5 14. exd5 Qxd5 15. 0-0 Be6 16. c3 Bd8 17. Nc4 Bxb6 18. Nxb6 Qxd1 19. Rfxd1 Rad8 20. b4 e4 21. Na4 Rxd1+ 22. Bxd1 Ne5 23. Nc5 Bd5 24. Bc2 f5 25. Rd1 Bc6 26. Bb3+ Kh8 27. Rd6 g6 28. Bd5 Rc8 29. Kf1 Nd3 30. Nxd3 Bxd5 31. Rxd5 exd3 32. Rxd3 Kg7 33. Ke2 Rc7 34. Kd2 Kf6 35. h4 Ke5 36. Rd4 f4 37. g3 fxg3 38. fxg3 h5 39. Kd3 Rf7 40. Re4+ Kd5 41. c4+ Kd6 42. Rf4 Rg7 43. Rf6+ Ke5 44. Rf8 g5 45. Rh8 gxh4 46. Rxh5+ Kd6 47. gxh4 Rg3+ 48. Kc2 Rg2+ 49. Kb3 Rg3+ 50. Ka4 Rg4 51. c5+ Kc6 52. Rh6+ Kc7 53. Rh8 Kc6 54. h5 Rh4 55. h6 Kd5 56. Kb3 Rh3+ 57. Kc2 Kc4 58. h7 Rc3+ 59. Kd2 Rd3+ 60. Ke2 Rd7 61. Ke3 Rc7 62. Ke4 Kxb4 63. c6 Kxa5 64. Rb8 Rxh7 65. Rxb7 Rh4+ 66. Kd5 Rh5+ 67. Kd6 Rh6+ 68. Kc7 Ka4 69. Rb8 a5 70. Kb7 Ka3 71. c7 Rh7 72. Kb6 Rxc7 73. Kxc7 a4 74. Kc6 Ka2 75. Kc5 1-0

[Event "Bundesliga 0708"]
[Site "Germany"]
[Date "2008.03.08"]
[Round "10.4"]
[White "Kuczynski, Robert"]
[Black "Prohaszka, Peter"]
[Result "1/2-1/2"]
[WhiteElo "2483"]
[BlackElo "2470"]
[PlyCount "38"]
[EventDate "2007.10.20"]
[EventType "team-tourn"]
[EventRounds "15"]
[EventCountry "GER"]
[SourceTitle "CBM 123"]
[Source "ChessBase"]
[SourceDate "2008.04.02"]
[SourceVersion "1"]
[SourceVersionDate "2008.04.02"]
[SourceQuality "1"]
[WhiteTeam "Erfurt"]
[BlackTeam "Zehlendorf"]
[WhiteTeamCountry "GER"]
[BlackTeamCountry "GER"]

1. e4 c6 2. d4 d5 3. Nd2 dxe4 4. Nxe4 Bf5 5. Ng3 Bg6 6. N1e2 Nf6 7. Nf4 e5 8. Nxg6 hxg6 9. dxe5 Qa5+ 10. Bd2 Qxe5+ 11. Qe2 Qxe2+ 12. Bxe2 Bc5 13. 0-0 Nbd7 14. Bf3 0-0-0 15. Rae1 Nf8 16. Bc3 Ne6 17. Ne4 Bd4 18. Bxd4 Nxd4 19. Bd1 Nxe4 1/2-1/2

[Event "POL-chT 2nd League"]
[Site "Wysowa"]
[Date "2007.09.10"]
[Round "8"]
[White "Kuczynski, Robert"]
[Black "Mista, Aleksander"]
[Result "1-0"]
[WhiteElo "2490"]
[BlackElo "2553"]
[PlyCount "89"]
[EventDate "2007.09.03"]
[EventType "team-swiss"]
[EventRounds "9"]
[EventCountry "POL"]
[SourceTitle "EXT 2010"]
[Source "ChessBase"]
[SourceDate "2010.11.25"]
[SourceVersion "1"]
[SourceVersionDate "2010.11.25"]
[SourceQuality "1"]
[WhiteTeam "Wroclaw AZS WSB"]
[BlackTeam "Ostroda Ostrodzianka"]
[WhiteTeamCountry "POL"]
[BlackTeamCountry "POL"]

1. e4 c5 2. Nf3 d6 3. Bb5+ Bd7 4. Bxd7+ Qxd7 5. 0-0 Nf6 6. Qe2 Nc6 7. b3 g6 8. c3 Bg7 9. d4 cxd4 10. Nxd4 0-0 11. Nd2 d5 12. Ba3 Nxd4 13. cxd4 dxe4 14. Nxe4 Nd5 15. Qf3 b6 16. Rad1 Rac8 17. Nd6 Rc2 18. Qxd5 Rxa2 19. Qb5 Rd8 20. Qxd7 Rxd7 21. Nc4 b5 22. Rd2 Rxd2 23. Nxd2 Bxd4 24. Nf3 Bc3 25. g3 e5 26. Rb1 Rd3 27. Kg2 e4 28. Ng5 f5 29. Bb2 Bd2 30. Bf6 h6 31. Nh3 Kf7 32. Bh8 g5 33. b4 Kg6 34. Ra1 Bxb4 35. Rxa7 Rd2 36. Kf1 Kh5 37. Rb7 Rd5 38. Kg2 Bd2 39. Ng1 f4 40. f3 Be3 41. Kh3 Kg6 42. fxe4 g4+ 43. Kxg4 fxg3 44. Rg7+ Kf6 45. hxg3 1-0

[Event "Apolda op 16th"]
[Site "Apolda"]
[Date "2007.08.26"]
[Round "7"]
[White "Fink, Leander"]
[Black "Kuczynski, Robert"]
[Result "0-1"]
[WhiteElo "2095"]
[BlackElo "2490"]
[PlyCount "54"]
[EventDate "2007.08.23"]
[EventType "swiss"]
[EventRounds "7"]
[EventCountry "GER"]
[SourceTitle "CBM 120 Extra"]
[Source "ChessBase"]
[SourceDate "2007.11.01"]
[SourceVersion "1"]
[SourceVersionDate "2007.11.01"]
[SourceQuality "1"]

1. e4 c5 2. c3 d5 3. d3 Nc6 4. Nf3 g6 5. exd5 Qxd5 6. d4 Nf6 7. dxc5 Qxc5 8. Be2 Bg7 9. Be3 Qa5 10. Nbd2 0-0 11. 0-0 Nd5 12. Nb3 Nxe3 13. Nxa5 Nxd1 14. Nxc6 Nxb2 15. Nxe7+ Kh8 16. Rab1 Bxc3 17. Rfc1 Bf6 18. Nd5 Bg7 19. Rc2 Na4 20. Rb4 Bf5 21. Rc1 Be6 22. Nc7 Nc3 23. Rc2 Bf5 24. Rd2 Rad8 25. Rxd8 Nxe2+ 26. Kf1 Rxd8 27. Kxe2 Bd3+ 0-1

[Event "BL2-Ost 0607"]
[Site "Germany"]
[Date "2007.04.22"]
[Round "9.3"]
[White "Telljohann, Sven"]
[Black "Kuczynski, Robert"]
[Result "1-0"]
[WhiteElo "2415"]
[BlackElo "2485"]
[PlyCount "109"]
[EventDate "2006.10.15"]
[EventType "team-tourn"]
[EventRounds "9"]
[EventCountry "GER"]
[SourceTitle "EXT 2008"]
[Source "ChessBase"]
[SourceDate "2007.11.25"]
[SourceVersion "1"]
[SourceVersionDate "2007.11.25"]
[SourceQuality "1"]
[WhiteTeam "Schoeneck"]
[BlackTeam "Erfurt"]
[WhiteTeamCountry "GER"]
[BlackTeamCountry "GER"]

1. Nf3 d5 2. d4 c6 3. Bg5 h6 4. Bh4 Qb6 5. b3 Bf5 6. e3 e6 7. Bd3 Bxd3 8. Qxd3 Be7 9. Bxe7 Nxe7 10. 0-0 0-0 11. c4 Nd7 12. Rd1 Rfd8 13. Nc3 a5 14. Rac1 Qb4 15. c5 b6 16. a3 Qxa3 17. Ra1 Qb4 18. Ra4 Nxc5 19. dxc5 Qxc5 20. Qd4 Qxd4 21. exd4 c5 22. Nb5 cxd4 23. Nbxd4 Rdc8 24. g3 Rab8 25. Raa1 Nc6 26. Rdc1 Nxd4 27. Nxd4 Kf8 28. Kf1 Ke8 29. Ke2 Kd7 30. f4 h5 31. Kd2 f6 32. Re1 Re8 33. Rac1 e5 34. fxe5 fxe5 35. Nc6 Rbc8 36. Nxe5+ Kd6 37. Rxc8 Rxc8 38. Nd3 b5 39. Nf4 a4 40. Re6+ Kc5 41. Nd3+ Kd4 42. bxa4 bxa4 43. Ra6 Ke4 44. Rxa4+ Kf3 45. Rf4+ Kg2 46. Rh4 Rh8 47. g4 d4 48. Nf4+ Kf3 49. Ng6 Re8 50. gxh5 Re4 51. Kd3 Rxh4 52. Nxh4+ Kg4 53. Ng2 Kf3 54. Ne1+ Kf2 55. Nc2 1-0

[Event "POL-chT 2nd League"]
[Site "Lublin"]
[Date "2006.09.08"]
[Round "7.13"]
[White "Kuczynski, Robert"]
[Black "Lis, Marek"]
[Result "1-0"]
[WhiteElo "2488"]
[BlackElo "1895"]
[PlyCount "56"]
[EventDate "2006.09.02"]
[EventType "team-swiss"]
[EventRounds "9"]
[EventCountry "POL"]
[SourceTitle "EXT 2019"]
[Source "ChessBase"]
[SourceDate "2018.10.10"]
[SourceVersion "1"]
[SourceVersionDate "2018.10.10"]
[SourceQuality "1"]
[WhiteTeam "Wroclaw AZS WSB"]
[BlackTeam "Rolnik Roza"]
[WhiteTeamCountry "POL"]
[BlackTeamCountry "POL"]

1. e4 c5 2. Nf3 e6 3. d4 cxd4 4. Nxd4 a6 5. Nc3 Qc7 6. Be2 Nc6 7. 0-0 Nf6 8. Be3 Bb4 9. Na4 Be7 10. Nxc6 bxc6 11. Nb6 Rb8 12. Nxc8 Qxc8 13. e5 Nd5 14. Bc1 Bc5 15. Qd3 0-0 16. Qg3 Kh8 17. Bd3 Ne7 18. b3 a5 19. Bb2 Qc7 20. Qg4 Ng6 21. Rae1 a4 22. Re4 axb3 23. axb3 Rb7 24. Bc4 Be7 25. Qh5 Kg8 26. Re3 Rb6 27. Bd3 f5 28. exf6 Bxf6 1-0